000 00367 a2200169 4500
001 76195
020 _a9788532233060
040 _cAnchieta - Colégio São Paulo
100 _aBarros, Sônia
240 1 0 _aA coragem de Leo
_lpor
245 1 0 _aA coragem de Leo
300 _a100
362 0 _a2014
440 1 _aFTD
650 4 _aLiteratura juvenil
942 _cBK
999 _c76195
_d76195